[Event "Leon 31st"]
[Site "Leon"]
[Date "2018.07.07"]
[Round "1.3"]
[White "So, Wesley"]
[Black "Praggnanandhaa, Rameshbabu"]
[Result "1/2-1/2"]
[WhiteElo "2780"]
[BlackElo "2529"]
[Annotator "Sagar Shah"]
[PlyCount "106"]
[EventDate "2018.07.06"]
[EventType "k.o."]
[EventRounds "2"]
[EventCountry "ESP"]
[SourceTitle "CBM 185"]
[Source "ChessBase"]
[SourceDate "2018.07.13"]
[SourceVersion "1"]
[SourceVersionDate "2018.07.13"]
[SourceQuality "1"]

1. d4 Nf6 2. Bf4 d5 3. Nc3 Bf5 4. Nb5 Na6 5. e3 e6 6. c4 {We have reached the
same position as in the first game of the match. In the brief few minutes that
they get between the games, Pragg's coach Ramesh asked him to play ...c6 in
this position instead of ...Be7. Pragg followed the recommendation.} c6 7. Nc3
Nb4 8. Rc1 Qa5 9. Qd2 {Until here was all preparation. At this point Pragg had
an option of playing ...Nxa2 and ...dxc4 as he played in the game.} dxc4 {
This looks pretty simple and strong.} (9... Nxa2 {might seem like a mistake
but we must continue this line.} 10. Ra1 Nxc3 11. Rxa5 Nce4 12. Qd1 Bb4+ 13.
Ke2 Bxa5 {Black has a pawn and a piece and a rook for a queen. Materially this
seems fine, but positionally it is not enough because} 14. Qa4 $1 Bd8 (14...
Bb6 15. c5) 15. f3 $18 {and the knight is somehow trapped on e4.}) 10. Bxc4
Nbd5 11. Be5 (11. Nxd5 Qxd2+ 12. Kxd2 exd5 $11 {looks absolutely fine for
Black.}) 11... Nxc3 12. Bxf6 (12. bxc3 Ne4 $19) 12... gxf6 13. bxc3 Rg8 $1 {
Why not develop with tempo!} 14. g3 Ba3 15. Rd1 Rd8 16. f3 {Wesley follows the
highly ambitious strategy of playing e4 when he would have a strong centre.
But he is behind in development and Pragg takes full advantage of the same.} b5
(16... c5 17. Ne2 cxd4 18. exd4 Ke7 $11 {Black somehow looks very comfortable.}
) 17. Bd3 (17. Bb3 b4 18. c4 $14) 17... b4 $1 18. Bxf5 {And I think this is
where Wesley was surprised.} (18. c4 Bxd3 19. Qxd3 b3+ $17) 18... bxc3 $1 {
Not missing his chance.} 19. Qc2 Rb8 $3 {Perhaps the most brilliant move of
the entire match. The rook is coming down to b2 and Wesley is just completely
busted.} (19... exf5 20. Ne2 $14 {gives White a good position.}) 20. Be4 (20.
Kf1 Rb2 21. Qe4 Qb5+ 22. Qd3 (22. Ke1 Qxf5 23. Qxc6+ Kf8 $19) 22... c2 23. Rc1
exf5 24. Qxb5 cxb5 25. Ne2 Rb1 $19) 20... Rb2 21. Bxc6+ Ke7 22. Qa4 Qxa4 23.
Bxa4 c2 24. Bxc2 Rxc2 {Although the material is just even (Black is even a
pawn down!) White is just losing the game because none of his pieces are
playing.} 25. Nh3 Bb4+ $1 {A smart move forcing White to lose his castling
rights.} (25... Rb8 26. O-O Rbb2 27. Rf2 {is still better for Black but White
has been able to limit the damage.}) 26. Kf1 Rgc8 27. Rg1 Rxh2 (27... Rxa2 28.
Rg2 Rxg2 29. Kxg2 Rc2+ $19 {was also very strong. But perhaps Pragg wanted to
take the h2-pawn, as the one on a2 is weak and will fall anyway.}) 28. Nf2 Rc2
29. Rg2 Rxg2 30. Kxg2 Bd2 31. Kh3 (31. e4 Be3 32. Rf1 Rxa2 33. d5 a5 $19) 31...
Bxe3 (31... Rxa2 {might be more accurate.} 32. e4 a5 $17 {and Black is just
better.}) 32. Ng4 Bc1 (32... Bd2 {This seemed logical because now d5 is not
possible, but I think Praggnanandhaa was afraid of Rb1.} 33. Rb1 Ba5 34. Rb7+
Rc7 $19 {with excellent winning chances.}) 33. d5 $1 {I think Wesley might
have heaved a sigh of relief after making this move. Although Black is clearly
doing really well, after this move White's pieces start to get some activity.}
exd5 $6 (33... Ba3 $1 $17 {would have kept control.}) 34. Rxd5 Rxa2 35. Rc5 h5
(35... Bg5 36. f4 $132) (35... Bd2 36. Rc7+ Kd6 37. Rxf7 h5 38. Nf2 Ke6 39. Rh7
$15) 36. Rxh5 (36. Rxc1 hxg4+ 37. Kxg4 {was perhaps the easier way to draw.})
36... Bb2 37. Rc5 Bd4 38. Rc4 Rd2 39. Nh6 Ke6 40. Kg4 Kd5 41. Ra4 Be3 42. f4 (
42. Nxf7 Rd4+ $1 43. Rxd4+ Bxd4 $19) 42... Bb6 43. Kf5 Rd3 44. g4 Rd4 45. Ra6
Bc7 46. Kxf6 Rxf4+ 47. Kg7 Bb6 48. g5 Ke6 49. Ra2 Rf3 50. Re2+ Re3 51. Rg2 Rf3
52. Re2+ Re3 53. Rg2 Rf3 {A fighting draw, one where Pragg played really well
and should have won the game. But Wesley hung on and was rewarded with the
half point.} 1/2-1/2

[Event "Lee Cup 4th"]
[Site "Beijing"]
[Date "1997.??.??"]
[Round "5"]
[White "Speelman, Jonathan S"]
[Black "Peng, Xiaomin"]
[Result "1/2-1/2"]
[WhiteElo "2630"]
[BlackElo "2530"]
[Annotator "Speelman,J"]
[PlyCount "108"]
[EventDate "1997.08.23"]
[EventType "swiss"]
[EventRounds "11"]
[EventCountry "CHN"]
[SourceTitle "CBM 061"]
[Source "ChessBase"]
[SourceDate "1997.11.23"]
[SourceVersion "1"]
[SourceVersionDate "1997.11.23"]
[SourceQuality "1"]

1. d4 {Hecht} Nf6 2. Bg5 g6 3. Bxf6 exf6 4. e3 d5 5. c4 dxc4 6. Bxc4 Bg7 7. Nc3
O-O 8. Nge2 c5 9. O-O cxd4 10. Nxd4 f5 11. Qb3 Nc6 $1 (11... Bxd4 12. exd4 Nc6
13. Rad1 Nxd4 $4 (13... f4 14. Bd5) (13... Na5 14. Qb4 Nxc4 15. Qxc4 $14) 14.
Qb4 $18) 12. Nxc6 bxc6 13. Rfd1 $5 Qc7 14. g3 Rb8 (14... g5) 15. Qc2 Qa5 16.
Rac1 Bxc3 (16... g5) (16... f4 $6 17. exf4 Bg4 18. Rd2) 17. Qxc3 Qxc3 18. bxc3
Re8 (18... Rb6 19. a4 $1) 19. Rd6 Be6 20. Rxc6 Bxc4 21. Rxc4 Rb2 22. a4 Reb8
23. Rd1 R8b7 24. Rd5 $2 (24. Rdd4 $1 {Peng}) 24... Rc2 25. Rb5 Rd7 26. Rd4 Rc7
27. Rb3 Kg7 28. h4 $5 {Stops ideas of h3 and g4 but sets up a mating net in
case Black plays ...Kh6 with thre white rooks doubled on the seventh.} Kf6 29.
Kg2 h5 (29... Ke6 $1 {already preparing to take on c3}) 30. Rd3 Kg7 31. a5 Ra2
32. Rd5 Kf6 33. Rd6+ Ke7 34. Ra6 Rc2 $1 35. Kf3 Kf8 $1 36. Rd6 (36. Rb8+ Kg7
37. Ra8 R7xc3 $1 (37... Rd7 $2 38. R8xa7 Rdd2 39. Kf4 $1 Rxf2+ 40. Kg5 Rf3 41.
Rxg6+ $18) 38. R8xa7 Rd2 39. Rb6 Rcc2 40. Kf4 $1 Rc4+ 41. Kf3 Rcc2 $11) 36...
Ke7 37. Ra6 Kf8 38. Rd6 Ke7 39. Rd5 $5 (39. Rd3) 39... R2xc3 40. Rxc3 Rxc3 41.
Rb5 Kd6 (41... Rc7) 42. Rb7 Rc7 43. Rxc7 Kxc7 {[#] Hecht: White's weak pawn on
a5 is more than compensated by the threat of the breakthrough by the White
king on the king's wing. Black holds the draw by locking up the White king on
a7/a8. [#] Hecht: Die weiße Bauernschwäche a5 wird durch Einbruchsdrohung des
weißen Königs am Königsflügel mehr als kompensiert. Schwarz hält remis durch
Einsperren des weißen Königs auf a7/a8.} 44. e4 (44. Kf4 Kc6 (44... f6 $1 {Peng
} 45. e4 fxe4 46. Kxe4 Kd6 (46... Kc6 47. f4 Kd6 48. f5 g5 $1 49. g4 $2 (49.
hxg5 fxg5 50. f6 Ke6 51. f7 Kxf7 52. Kf5 h4 53. gxh4 gxh4 54. Kg4 Ke6 55. Kxh4
Kd5 56. Kg3 Kc4 57. Kf2 Kb5 58. Ke2 $11) 49... hxg4 $19)) 45. Ke5 Kb5 46. Kf6
Kxa5 47. Kxf7 Kb6 (47... Kb5 {Hecht} 48. Kxg6 a5 49. e4 fxe4 50. g4 hxg4 51. h5
e3 $19) 48. Kxg6 a5 49. g4 $1 fxg4 50. e4 a4 51. e5 a3 52. e6 a2 53. e7 a1=Q
54. e8=Q $16 {Peng}) 44... fxe4+ (44... Kc6 $2 45. exf5 gxf5 (45... Kb5 46.
fxg6 fxg6 47. Kf4 Kxa5 48. Kg5 Kb6 49. Kxg6 a5 50. f4) 46. Kf4 Kb5 47. Kg5 Kxa5
48. Kxh5 Kb5 49. Kg5 $18) 45. Kxe4 Kd6 (45... Kc6 {Hecht} 46. Ke5 Kb5 47. Kf6
Kxa5 48. Kxf7 Kb5 49. Kxg6 a5 50. f4 a4 51. f5 a3 52. f6 a2 53. f7 a1=Q 54.
f8=Q $18) 46. f3 (46. Kf4 f6 47. g4 (47. f3 {Hecht} Kc5 48. g4 Kb5 49. g5 fxg5+
50. Kxg5 Kxa5 51. Kxg6 Kb5 52. f4 a5 53. f5 a4 54. f6 a3 55. f7 a2 56. f8=Q
a1=Q 57. Qf5+ Kb4 58. Kxh5 $14 {Ask the Endgame-CD about this one! Endspiel-CD
befragen!}) 47... hxg4 48. Kxg4 Ke5 49. f4+ Ke6 (49... Ke4 $4 50. a6 $18) 50.
f5+ gxf5+ 51. Kf4 a6 52. h5 Kf7 53. Kxf5 Kg7 54. Ke6 Kh6 55. Kxf6 Kxh5 56. Ke6
Kg6 $11) 46... Ke6 47. a6 $6 (47. Kf4 f6 48. g4 hxg4 49. fxg4 a6 50. h5 (50.
Ke4 f5+ (50... Kd6 51. Kd4 (51. g5 fxg5 52. hxg5 Ke6) (51. h5 gxh5 52. gxh5 Ke6
53. h6 f5+ 54. Kf4 Kf6) 51... Ke6 52. Kc5 f5 53. gxf5+ gxf5 54. Kd4 Kf6 $11)
51. gxf5+ gxf5+ 52. Kf4 Kf6 53. h5 Ke6 54. Kg5 $18) 50... Kf7 (50... gxh5 $2
51. gxh5 Kf7 52. Kf5 Kg7 $11) 51. Ke4 f5+ $11) 47... f5+ 48. Kd4 Kd6 49. f4 Ke7
$1 (49... Kc6 $2 50. Ke5 Kb5 51. Kf6 Kxa6 52. Kxg6 Kb7 (52... Kb5 {Hecht} 53.
Kxf5 a5 54. Kg6 a4 55. f5 $16) 53. Kxf5 a5 54. Kg6 a4 55. f5 $18) 50. Ke5 Kf7
51. Kd5 Ke7 52. Kc6 Ke6 53. Kc7 Ke7 54. Kc8 (54. Kb7 Kd7 55. Kxa7 Kc7 56. Ka8
Kc8 57. Ka7 $11) 54... Ke8 1/2-1/2

[Event "World op 45th"]
[Site "Philadelphia"]
[Date "2017.07.04"]
[Round "8"]
[White "Le, Quang Liem"]
[Black "Stukopin, Andrey"]
[Result "1/2-1/2"]
[WhiteElo "2726"]
[BlackElo "2577"]
[Annotator "Stukopin,A"]
[PlyCount "170"]
[EventDate "2017.06.29"]
[EventType "swiss"]
[EventRounds "9"]
[EventCountry "USA"]
[SourceTitle "CBM 180"]
[Source "ChessBase"]
[SourceDate "2017.09.13"]
[SourceVersion "1"]
[SourceVersionDate "2017.09.13"]
[SourceQuality "1"]

1. d4 d5 2. Bf4 Nf6 3. e3 c5 4. Nd2 {A slightly unusual order of moves.} (4.
Nf3 Nc6 5. c3 {would lead to more frequently played positions.}) 4... Nc6 5. c3
Bf5 6. Ngf3 (6. Qb3 Qd7 7. Ngf3 c4 8. Qd1 e6 9. Be2 h6 {with equal chances.})
6... Qb6 7. dxc5 $5 {The most challenging move in the position.} (7. Qb3 c4 8.
Qxb6 axb6 {[%cal Gh7h6,Ge7e6,Gb6b5]}) (7. Qc1 e6 8. Nh4 Be4 $1 {and Black is
doing great.}) (7. Nh4 Bd7 8. Qc2 Nh5 $15) 7... Qxb2 {Black has to accept the
challenge.} ({After the safer} 7... Qxc5 $6 8. Qb3 ({or} 8. Nb3 $5 Qb6 9. a4 a6
(9... a5 $6 10. Bb5 {[%csl Gb5]}) (9... e6 $2 10. a5 Qd8 11. a6 $18) 10. a5 Qd8
11. Be2 $14) 8... Na5 9. Qa4+ Bd7 10. Nb3 $5 Nxb3 (10... Bxa4 11. Nxc5 Bc6 12.
Ne5 $14) 11. Qxb3 Bc6 12. Ne5 $14 {White gets some advantage.}) 8. Nd4 e5 (8...
Bg4 $5 9. Rb1 Qxc3 10. Nb5 Qa5 11. Bc7 Bxd1 12. Bxa5 $14 {1/2-1/2 (12)
Rotstein,A (2501)-Wagner,D (2543) Austria 2017. The game continued with} Bc2 {
and White could have created certain problems after} (12... Rc8 $5 {might have
been stronger} 13. Nxa7 (13. Nc7+ Kd8 (13... Kd7 14. Bb5 Rxc7 15. Bxc7 Kxc7 16.
Rxd1 e6 $14) 14. Ne6+ Ke8 15. Nc7+ $11) 13... Nxa7 14. Kxd1 Nc6 15. Bc3 e5 {
Even though White has two bishops, his pieces are not well coordinated which
gives Black time to consolidate and get some counterplay in the centre.}) 13.
Nc7+ Kd7 14. Rb2 Rc8 15. Bb5 Bd3 16. Bxc6+ Kxc6 17. Nf3 $14) 9. Nxf5 $6 (9.
Bxe5 $5 {was an interesting alternative} Bg4 (9... Nxe5 10. Nxf5 O-O-O 11. Rb1
Qxc3 12. Rc1 Qa3 13. Be2 $14) 10. Rb1 $1 (10. f3 Nxe5 11. Nb5 $1 (11. fxg4 Bxc5
$17) 11... Bxc5 12. Rb1 Qxa2 13. Ra1 Qb2 14. Rb1 $11) 10... Qa3 (10... Bxd1 11.
Rxb2 Nxe5 12. Kxd1 $14) 11. f3 Nxe5 12. fxg4 a6 $1 {[%cal Rd4b5,Rf1b5]} 13.
N2b3 (13. Rxb7 Bxc5 14. Be2 Qxc3) (13. g5 Nfg4 14. Qb3 Bxc5 15. Qxa3 Bxa3 16.
Ke2 h6 $1 {and Black is doing just fine}) 13... Qa4 $44) 9... exf4 10. Rb1 (10.
exf4 g6 $5 11. Nd6+ Bxd6 12. cxd6 Qxc3 $17) 10... Qxc3 11. Rxb7 fxe3 (11...
Bxc5 $5 12. Rb3 (12. Bb5 O-O 13. Bxc6 fxe3 14. fxe3 Rac8 $1 15. Rb3 Qe5 16. Bb7
Qxf5 17. Bxc8 Rxc8 $40 {[%csl Re1]}) 12... Qe5 13. Bb5 O-O 14. Bxc6 Rac8 15.
Bb7 Qxf5 16. Bxc8 Qxc8 $36) 12. Nxe3 (12. fxe3 Bxc5 13. Bb5 O-O 14. Bxc6 Rac8 (
14... Bxe3 15. Ne7+ (15. Nxe3 Qxe3+ 16. Qe2 Qc5 17. Ba4 Rfe8 $19) 15... Kh8 16.
Rb3 Qe5 17. Bxa8 {leading to a wide variety of complicated positions. However,
even here the black side should have better chances.})) 12... Bxc5 13. Rb3 {
The rook is better off protecting the e3-square.} (13. Bb5 $2 Bxe3 14. fxe3 O-O
$19) 13... Qe5 14. Bb5 Rc8 15. Nf3 Qe6 (15... Qe7 $4 16. Bxc6+ Rxc6 17. Rb8+
$18) (15... Qd6 $6 16. Nf5 Qf4 (16... Qe6+ $2 17. Re3 $1 Bxe3 18. Nxg7+ $18)
17. N5d4 Bxd4 18. Nxd4 O-O 19. Bxc6 Rxc6 20. Nxc6 Re8+ 21. Kf1 Ne4 $44) 16. Ng5
$6 {An attempt for a threefold repetition.} (16. Qc2 O-O $1 17. Qxc5 Na5 18.
Qa3 Nxb3 19. axb3 Qb6 $36) (16. Nd4 $5 Bxd4 17. Qxd4 O-O 18. Bxc6 Rxc6 19. O-O
a6 $15) 16... Qd6 (16... Qe7 $6 17. Bxc6+ Rxc6 18. Rb8+ Kd7 19. Rb7+ Rc7 20.
Qa4+ Kc8 21. Rxc7+ Kxc7 22. O-O $13) (16... Qe5 $6 17. Nf3 Qe6 18. Ng5 Qe5 19.
Nf3 $11) 17. Bxc6+ Rxc6 18. O-O O-O $17 {Black has an extra pawn, but winning
the position is still a big challenge.} 19. Rd3 Bxe3 ({It was probably smarter
to keep more pieces on the board} 19... d4 $5 20. Nc2 Rd8 21. Nf3 Bb6 {[%cal
Gc6c4]}) 20. Rxe3 Rc4 {It seemed to me that Black should not rush with
advanicng the d-pawn too far, but rather focus on finding good squares for the
pieces.} (20... d4 $6 21. Rd3 Rd8 22. Nf3 Rc4 23. Qb3 Qc7 24. Rfd1 {[%csl Rd4]}
) 21. Nf3 Rd8 22. h3 h6 {Making an escape route for the king is never a
mistake when given the chance.} 23. Qb3 Ne4 24. Rd1 Qc5 25. Qa3 $1 {White has
better chances to make a draw without queens on the board.} Nc3 (25... d4 26.
Qxc5 Nxc5 27. Ra3 a6 28. Ne5 Rc2 29. Nc6 Rd6 30. Ne7+ Kh7 31. Nf5 Rd5 (31...
Rd7 32. Rxd4) 32. Ne3 dxe3 33. Rxd5 Rc1+ 34. Kh2 exf2 35. Rf3 Ne4 36. Re5 (36.
Rdf5 f6 37. R5f4 Re1 {this position might be dangerous for White since in the
rook endgame Black will get his rook to a4.}) 36... f1=Q 37. Rxf1 Rxf1 38. Rxe4
{and White has good chances to hold the position.}) (25... Qc7 $5 {was most
likely the strongest move, but having little time on my clock, I decided that
it would be easier to create difficulties for my opponent in an endgame.}) 26.
Qxc5 Rxc5 27. Rd2 a5 $5 {The pawn needs to get to a4 where it will no longer
be vulnerable.} 28. Nd4 a4 29. f3 Rc4 {[%csl Ga4,Gc3,Gc4]} 30. Nf5 (30. Ne2 Nb5
{[%cal Gd5d4]}) 30... d4 31. Red3 (31. Rxd4 Rdxd4 32. Nxd4 Nxa2 {The position
is almost lost for the white side.}) 31... Kf8 $2 {At this moment, both of us
were in time trouble.} 32. Kf2 $2 (32. Rc2 $1 h5 33. Nxd4 Rdxd4 34. Rxd4 Rxd4
35. Rxc3 $11) 32... Nb5 33. g4 {Making some space for the knight} Rd5 34. Ng3
Nc7 {[%cal Gc7e6,Ge6c5]} 35. Rb2 g6 36. Rdd2 Ne6 37. h4 d3 38. h5 Nc5 39. hxg6
fxg6 40. Nf1 Re5 41. Ne3 Rf4 {[%cal Gc5e4]} 42. Kg3 g5 {[%csl Ge5,Gf4]} 43. Nf5
h5 $1 44. Rh2 hxg4 45. Rb8+ (45. Rh7 $5 Rfxf5 $1 46. Rb8+ Re8 47. Rh8+ Kf7 48.
Rbxe8 (48. Rhxe8 Nd7 49. Rbd8 d2 50. Rxd7+ Kxe8 51. Rxd2 gxf3 $19) 48... Ne6
49. fxg4 Rd5 {[%cal Gd3d2,Gd2d1]}) 45... Kf7 46. Nh6+ Ke6 $6 (46... Ke7 $1 47.
Nxg4 Re1 $36 {[%cal Ge1g1]}) 47. Nxg4 Ref5 48. Re8+ Kd7 49. Re3 Rd5 50. Rd2 {
The only piece that can be improved at this moment is the king.} Kc7 51. Re7+
Kd6 52. Re8 Rdf5 53. Rf2 Kd7 $6 (53... Ne6 $1 {[%csl Ge6,Re8][%cal Re6d8,Re8e3,
Ge6d4] cutting the e8 rook off.}) 54. Re3 Kd6 55. Re8 Kc6 56. Ne3 Kd7 57. Rg8
Re5 $6 (57... Rf8 $1 58. Rxf8 (58. Rxg5 Ne4+ $19) 58... Rxf8 $19) 58. Rxg5
Rxf3+ 59. Kxf3 Rxg5 60. Nd1 Kd6 61. Ke3 $6 (61. Nc3 $1 Ke5 62. Ke3 Rg3+ 63. Kd2
) 61... Kd5 (61... Rg3+ $1 62. Kd4 Rg4+ 63. Ke3 Ke5 $19 {[%cal Gg4g3]}) 62.
Nc3+ Kc4 63. Kd2 Rg4 64. Rh2 Rf4 {Getting the rook to a safer square out of
range of the c3 knight.} 65. Rg2 Rh4 66. Rf2 Kb4 67. Rg2 Rc4 68. Nd5+ Ka3 69.
Nc3 (69. Ne3 $1 $11) 69... Kb2 70. Nd1+ $1 Ka3 (70... Ka1 71. Nc3) (70... Kxa2
71. Ne3 Kb3 72. Nxc4 Kxc4 73. Kc1 Kc3 74. Rc2+ $11) 71. Ne3 Re4 72. Rg5 Ne6 73.
Rf5 Nf4 74. Nd5 $4 Re2+ 75. Kd1 Nxd5 $4 (75... Nh3 $1 $19 {wins on the spot.})
76. Rxd5 $11 Re3 77. Kd2 Re2+ 78. Kxd3 Rxa2 79. Kc3 Ra1 80. Rb5 Rc1+ 81. Kd2
Rc4 82. Rb8 Ka2 83. Rb7 a3 84. Rb8 Rc7 85. Rb6 Rc8 1/2-1/2